[Event "Belgrade (Women) 54th"]
[Site "Belgrade"]
[Date "2023.05.14"]
[Round "9"]
[White "Eric, Jovana"]
[Black "Ionescu, Irina"]
[Result "1/2-1/2"]
[WhiteElo "2217"]
[BlackElo "2123"]
[PlyCount "79"]
[EventDate "2023.05.08"]
[EventType "tourn"]
[EventRounds "9"]
[EventCountry "SRB"]
[SourceTitle "CBM 214 Extra"]
[Source "ChessBase"]
[SourceDate "2023.07.31"]
[SourceVersion "1"]
[SourceVersionDate "2023.07.31"]
[SourceQuality "1"]

1. e4 e5 2. Nf3 Nf6 3. Nxe5 d6 4. Nf3 Nxe4 5. Nc3 Nf6 6. d4 Be7 7. Bd3 0-0 8. 0-0 Nc6 9. h3 Nb4 10. Bc4 d5 11. Bb3 h6 12. a3 Na6 13. Ne2 Bf5 14. Ng3 Bh7 15. c3 Ne4 16. Nxe4 Bxe4 17. Ne5 c6 18. Qg4 Qd6 19. Bf4 Qe6 20. Qe2 Bh7 21. Rfe1 Rfe8 22. Qf3 Qf6 23. Ng4 Qg6 24. Rac1 Bg5 25. Ne5 Qf6 26. Bxg5 hxg5 27. Qh5 Nc7 28. Re3 Ne6 29. Rce1 Re7 30. Qd1 Rae8 31. Ng4 Qf5 32. R3e2 Qd3 33. Qc1 Qb5 34. Bd1 Qb6 35. Re3 Qc7 36. Bc2 Bxc2 37. Qxc2 Nf8 38. Qf5 Rxe3 39. Rxe3 Rxe3 40. Nxe3 1/2-1/2

[Event "Belgrade (Women) 54th"]
[Site "Belgrade"]
[Date "2023.05.13"]
[Round "8"]
[White "Ionescu, Irina"]
[Black "Rakhmangulova, Anastasiya"]
[Result "1/2-1/2"]
[WhiteElo "2123"]
[BlackElo "2308"]
[PlyCount "44"]
[EventDate "2023.05.08"]
[EventType "tourn"]
[EventRounds "9"]
[EventCountry "SRB"]
[SourceTitle "CBM 214 Extra"]
[Source "ChessBase"]
[SourceDate "2023.07.31"]
[SourceVersion "1"]
[SourceVersionDate "2023.07.31"]
[SourceQuality "1"]

1. d4 Nf6 2. Bf4 g6 3. e3 Bg7 4. h3 d6 5. Nf3 0-0 6. Be2 Nc6 7. 0-0 e5 8. Bh2 exd4 9. Nxd4 Nxd4 10. exd4 Bf5 11. c3 Re8 12. Bf3 Be4 13. Bxe4 Nxe4 14. Nd2 Nxd2 15. Qxd2 Qd7 16. Rfe1 Rxe1+ 17. Rxe1 Re8 18. Bf4 Re6 19. Kf1 Qb5+ 20. Kg1 Qd7 21. Rxe6 Qxe6 22. b3 Qe4 1/2-1/2

[Event "Belgrade (Women) 54th"]
[Site "Belgrade"]
[Date "2023.05.10"]
[Round "4"]
[White "Ionescu, Irina"]
[Black "Mehmed, Elif"]
[Result "0-1"]
[WhiteElo "2123"]
[BlackElo "2195"]
[PlyCount "138"]
[EventDate "2023.05.08"]
[EventType "tourn"]
[EventRounds "9"]
[EventCountry "SRB"]
[SourceTitle "CBM 214 Extra"]
[Source "ChessBase"]
[SourceDate "2023.07.31"]
[SourceVersion "1"]
[SourceVersionDate "2023.07.31"]
[SourceQuality "1"]

1. e4 c5 2. d3 g6 3. g3 Bg7 4. Bg2 Nc6 5. f4 d6 6. Nf3 e6 7. 0-0 Nge7 8. c3 0-0 9. Be3 Rb8 10. d4 cxd4 11. Nxd4 a6 12. Na3 Qc7 13. Nac2 Na5 14. Bf2 b5 15. Qd3 e5 16. Ne2 Rd8 17. Nb4 Nc4 18. b3 Nb6 19. Rac1 a5 20. Nc2 Nd7 21. Ne3 Nc5 22. Qb1 Bb7 23. b4 Na4 24. c4 exf4 25. gxf4 Qd7 26. c5 axb4 27. Rfd1 Qe6 28. cxd6 Rxd6 29. Qxb4 Rxd1+ 30. Rxd1 Ba8 31. Nd4 Nc6 32. Nxe6 Nxb4 33. Nxg7 Nxa2 34. Nd5 Bxd5 35. exd5 N2c3 36. Re1 Kxg7 37. d6 Rd8 38. Bd4+ f6 39. Re7+ Kf8 40. Re6 b4 41. Bxf6 Kf7 42. Bxd8 Kxe6 43. Bc7 Ne2+ 44. Kf1 Nd4 45. Bh3+ Nf5 46. Ke2 b3 47. Kd2 b2 48. Kc2 h5 49. Bb8 Kd7 50. Bc7 Kc6 51. Bg2+ Kd7 52. Kb1 Nxd6 53. Bxd6 Kxd6 54. Bf1 Ke6 55. Bd3 Kf6 56. Bc2 Nc3+ 57. Kxb2 Ne2 58. Be4 Nxf4 59. Kc2 Ke5 60. Bb7 Kf5 61. Kd2 Kg4 62. Ke3 g5 63. Bc8+ Kh4 64. Bd7 Nd5+ 65. Kf2 g4 66. Bc6 Nf4 67. Bb5 Ne6 68. Kg2 Nd4 69. Be8 Nc2 0-1

[Event "Belgrade (Women) 54th"]
[Site "Belgrade"]
[Date "2023.05.08"]
[Round "1"]
[White "Ionescu, Irina"]
[Black "Pogorelskikh, Sofia"]
[Result "0-1"]
[WhiteElo "2123"]
[BlackElo "2191"]
[PlyCount "107"]
[EventDate "2023.05.08"]
[EventType "tourn"]
[EventRounds "9"]
[EventCountry "SRB"]
[SourceTitle "CBM 214 Extra"]
[Source "ChessBase"]
[SourceDate "2023.07.31"]
[SourceVersion "1"]
[SourceVersionDate "2023.07.31"]
[SourceQuality "1"]

1. e4 c5 2. Nf3 Nc6 3. Bb5 g6 4. Bxc6 bxc6 5. 0-0 Bg7 6. Re1 Qc7 7. c3 Nf6 8. e5 Nd5 9. d4 cxd4 10. Qxd4 0-0 11. Qh4 f6 12. exf6 exf6 13. c4 Nb4 14. c5 Nd5 15. Nc3 Nxc3 16. bxc3 Qd8 17. Qc4+ Rf7 18. Bf4 a5 19. Bc7 Qf8 20. Bd6 Ba6 21. Qb3 a4 22. Qxa4 Qd8 23. Qb3 Bf8 24. Re4 Bd3 25. Re3 Bxd6 26. cxd6 Rb8 27. Qa4 Bb5 28. Qf4 c5 29. Rae1 Qa5 30. h4 Rbf8 31. h5 Qxa2 32. Re7 Qd5 33. Rxf7 Qxf7 34. Re7 g5 35. Nxg5 Qxh5 36. Nf3 Bc6 37. Qg3+ Qg6 38. Qxg6+ hxg6 39. Nh4 g5 40. Nf5 Ra8 41. Kh2 Ra3 42. Re3 Kf7 43. Re7+ Kg8 44. Kg3 Rxc3+ 45. Kg4 Bd5 46. Nh6+ Kf8 47. Kh5 Be6 48. Kg6 Rd3 49. Rh7 Rxd6 50. g4 c4 51. Rh8+ Ke7 52. Rh7+ Kd8 53. Rh8+ Kc7 54. Kxf6 0-1

[Event "ROM-chT Blitz (Women)"]
[Site "Sebes"]
[Date "2022.12.04"]
[Round "5.5"]
[White "Cosma, Elena Luminita"]
[Black "Ionescu, Irina"]
[Result "1/2-1/2"]
[WhiteElo "2244"]
[BlackElo "2123"]
[PlyCount "95"]
[EventDate "2022.12.04"]
[EventType "team-tourn (blitz)"]
[EventRounds "6"]
[EventCountry "ROU"]
[SourceTitle "CBM 211 Extra"]
[Source "ChessBase"]
[SourceDate "2023.01.31"]
[SourceVersion "1"]
[SourceVersionDate "2023.01.31"]
[SourceQuality "1"]
[WhiteTeam "Bucharest CSU ASE (W)"]
[BlackTeam "Bucharest CSM (W)"]
[WhiteTeamCountry "ROU"]
[BlackTeamCountry "ROU"]

1. d4 d5 2. c4 dxc4 3. Nf3 Nf6 4. e3 e6 5. Bxc4 a6 6. 0-0 Nbd7 7. a3 b5 8. Be2 c5 9. dxc5 Bxc5 10. b4 Be7 11. Bb2 0-0 12. Nbd2 Bb7 13. Nb3 Rc8 14. Rc1 Rxc1 15. Qxc1 Nb6 16. Nc5 Qa8 17. Nxb7 Qxb7 18. Nd4 Rc8 19. Qa1 Nc4 20. Bf3 Qd7 21. Rd1 Nxb2 22. Qxb2 Qc7 23. h3 h6 24. Nb3 Qc3 25. Qb1 Rc7 26. g3 Qc2 27. Qxc2 Rxc2 28. Bb7 Rc3 29. Rb1 Rc2 30. Nd4 Ra2 31. Bxa6 Ne4 32. Rf1 Rxa3 33. Bxb5 Bxb4 34. Nc2 Rb3 35. Ba4 Rb2 36. Nxb4 Rxb4 37. Bc6 Nf6 38. Rd1 g6 39. h4 Kg7 40. Kg2 Rb2 41. Bf3 g5 42. hxg5 hxg5 43. g4 Rb4 44. Kg3 Ne4+ 45. Bxe4 Rxe4 46. Ra1 Rb4 47. Ra5 Kg6 48. Kf3 1/2-1/2

[Event "ROM-chT Blitz (Women)"]
[Site "Sebes"]
[Date "2022.12.04"]
[Round "2.5"]
[White "Ionescu, Irina"]
[Black "Cosma, Elena Luminita"]
[Result "1-0"]
[WhiteElo "2123"]
[BlackElo "2244"]
[PlyCount "127"]
[EventDate "2022.12.04"]
[EventType "team-tourn (blitz)"]
[EventRounds "6"]
[EventCountry "ROU"]
[SourceTitle "CBM 211 Extra"]
[Source "ChessBase"]
[SourceDate "2023.01.31"]
[SourceVersion "1"]
[SourceVersionDate "2023.01.31"]
[SourceQuality "1"]
[WhiteTeam "Bucharest CSM (W)"]
[BlackTeam "Bucharest CSU ASE (W)"]
[WhiteTeamCountry "ROU"]
[BlackTeamCountry "ROU"]

1. e4 e6 2. d3 d5 3. Nd2 Nf6 4. Ngf3 b6 5. c3 Bb7 6. Qa4+ Qd7 7. Qc2 c5 8. Be2 Nc6 9. 0-0 Qc7 10. Re1 Be7 11. Bf1 Rc8 12. Qa4 0-0 13. e5 Nd7 14. d4 cxd4 15. cxd4 Na5 16. Bd3 a6 17. Qd1 b5 18. h4 Rfd8 19. Ng5 Bxg5 20. hxg5 Nf8 21. Nf3 Nc6 22. Be3 Ne7 23. Nh2 Nf5 24. Qh5 Bc6 25. Ng4 g6 26. Nf6+ Kg7 27. Qh3 h5 28. gxh6+ Kh8 29. g4 Nxe3 30. Qxe3 Nh7 31. Qf4 Qe7 32. Kg2 Be8 33. Rh1 a5 34. Qd2 b4 35. Nxh7 Kxh7 36. f4 Rc4 37. b3 Rc7 38. Raf1 Rc3 39. Kg1 Bd7 40. f5 exf5 41. gxf5 gxf5 42. Bxf5+ Bxf5 43. Rxf5 Rg8+ 44. Kf1 Rcc8 45. Qf2 Rcf8 46. Rg1 Rxg1+ 47. Qxg1 Rg8 48. Qf2 Rf8 49. Rf6 Qc7 50. Qf5+ Kh8 51. Qf4 Qc2 52. Rxf7 Rxf7 53. Qxf7 Qc1+ 54. Kf2 Qd2+ 55. Kf3 Qd3+ 56. Kg4 Qxd4+ 57. Kf5 Qf2+ 58. Ke6 Qxf7+ 59. Kxf7 d4 60. e6 d3 61. e7 d2 62. e8Q+ Kh7 63. Qg8+ Kxh6 64. Qg6# 1-0

[Event "ROM-chT Rapid (Women)"]
[Site "Sebes"]
[Date "2022.12.03"]
[Round "1.5"]
[White "Cosma, Elena Luminita"]
[Black "Ionescu, Irina"]
[Result "1/2-1/2"]
[WhiteElo "2244"]
[BlackElo "2123"]
[PlyCount "87"]
[EventDate "2022.12.03"]
[EventType "team-swiss (rapid)"]
[EventRounds "6"]
[EventCountry "ROU"]
[SourceTitle "CBM 211 Extra"]
[Source "ChessBase"]
[SourceDate "2023.01.31"]
[SourceVersion "1"]
[SourceVersionDate "2023.01.31"]
[SourceQuality "1"]
[WhiteTeam "Bucharest CSU ASE (W)"]
[BlackTeam "Bucharest CSM (W)"]
[WhiteTeamCountry "ROU"]
[BlackTeamCountry "ROU"]

1. d4 d5 2. c4 dxc4 3. Nf3 Nf6 4. e3 e6 5. Bxc4 a6 6. 0-0 Nbd7 7. Be2 c5 8. dxc5 Bxc5 9. a3 0-0 10. b4 Be7 11. Bb2 a5 12. bxa5 Qxa5 13. Nbd2 Rd8 14. Nc4 Qa4 15. Qxa4 Rxa4 16. Rfd1 Ne4 17. Nfe5 Bc5 18. Rac1 f6 19. Nd3 Bf8 20. Nf4 Re8 21. f3 Nec5 22. Nd6 Bxd6 23. Rxd6 Kf7 24. Rcd1 Ra8 25. Bb5 Re7 26. Bc4 Ne5 27. Bxe5 fxe5 28. Nd3 Nxd3 29. R1xd3 Ra4 30. Bb5 Ra5 31. a4 Rc7 32. e4 Ke7 33. Rd8 b6 34. Kf2 Ba6 35. R3d7+ Rxd7 36. Rxd7+ Kf6 37. Bxa6 Rxa6 38. Rb7 Rxa4 39. Rxb6 Ra2+ 40. Kg3 g6 41. h4 h6 42. Rb7 Rc2 43. Kh3 Rc3 44. Ra7 1/2-1/2

[Event "ROM-chT Rapid (Women)"]
[Site "Sebes"]
[Date "2022.12.03"]
[Round "2.5"]
[White "Visanescu, Daria Ioana"]
[Black "Ionescu, Irina"]
[Result "0-1"]
[WhiteElo "2117"]
[BlackElo "2123"]
[PlyCount "53"]
[EventDate "2022.12.03"]
[EventType "team-swiss (rapid)"]
[EventRounds "6"]
[EventCountry "ROU"]
[SourceTitle "CBM 211 Extra"]
[Source "ChessBase"]
[SourceDate "2023.01.31"]
[SourceVersion "1"]
[SourceVersionDate "2023.01.31"]
[SourceQuality "1"]
[WhiteTeam "Arnia Chess (W)"]
[BlackTeam "Bucharest CSM (W)"]
[WhiteTeamCountry "ROU"]
[BlackTeamCountry "ROU"]

1. e4 e5 2. Nf3 Nc6 3. Bc4 Bc5 4. c3 Nf6 5. d3 d6 6. Bb3 a5 7. a4 h6 8. Nbd2 0-0 9. Nf1 Be6 10. Bc2 d5 11. Qe2 Ng4 12. Ne3 dxe4 13. dxe4 Nxe3 14. Bxe3 Bxe3 15. Qxe3 Qe7 16. 0-0 Rad8 17. Rad1 Bg4 18. Rd5 Qf6 19. Nd2 Be6 20. Rxd8 Rxd8 21. f4 exf4 22. Rxf4 Qe7 23. e5 Nxe5 24. Qxe5 Rxd2 25. Qe4 Qc5+ 26. Kh1 Qd5 27. Qh7+ 0-1

[Event "ROM-chT (Women)"]
[Site "Oradea"]
[Date "2022.09.28"]
[Round "6.11"]
[White "Rapport, Jovana"]
[Black "Ionescu, Irina"]
[Result "1-0"]
[WhiteElo "2294"]
[BlackElo "2113"]
[PlyCount "81"]
[EventDate "2022.09.23"]
[EventType "team-tourn"]
[EventRounds "7"]
[EventCountry "ROU"]
[SourceTitle "CBM 210 Extra"]
[Source "ChessBase"]
[SourceDate "2022.11.30"]
[SourceVersion "1"]
[SourceVersionDate "2022.11.30"]
[SourceQuality "1"]

1. e4 e5 2. Nf3 Nf6 3. Nc3 Bb4 4. d3 d6 5. g3 0-0 6. Bg2 h6 7. 0-0 c6 8. Ne2 Re8 9. a3 Ba5 10. b4 Bc7 11. c4 d5 12. Qc2 a5 13. Bd2 dxe4 14. dxe4 Bg4 15. h3 Bh5 16. Bc3 Bxf3 17. Bxf3 Nbd7 18. Bg2 Qe7 19. Kh2 Nf8 20. Qb2 Qe6 21. c5 axb4 22. axb4 Qc4 23. f3 Ne6 24. Rfc1 Rxa1 25. Rxa1 Qd3 26. Nc1 Qe3 27. Ra3 Qg5 28. Bd2 Qg6 29. Ne2 Nd4 30. Nxd4 exd4 31. Be1 Rd8 32. Rd3 Kh7 33. Qd2 Nh5 34. f4 Qf6 35. e5 Qe6 36. Rxd4 Ra8 37. Rd7 Rc8 38. Bf3 Qf5 39. Bg4 Qb1 40. Bxh5 Ra8 41. Qd3+ 1-0

[Event "ROM-chT (Women)"]
[Site "Oradea"]
[Date "2022.09.25"]
[Round "3.7"]
[White "Ionescu, Irina"]
[Black "Nastase, Andreea Cristina"]
[Result "1-0"]
[WhiteElo "2113"]
[BlackElo "2045"]
[PlyCount "59"]
[EventDate "2022.09.23"]
[EventType "team-tourn"]
[EventRounds "7"]
[EventCountry "ROU"]
[SourceTitle "CBM 210 Extra"]
[Source "ChessBase"]
[SourceDate "2022.11.30"]
[SourceVersion "1"]
[SourceVersionDate "2022.11.30"]
[SourceQuality "1"]

1. e4 c5 2. b3 d6 3. Bb2 e6 4. Bb5+ Bd7 5. Bxd7+ Qxd7 6. f4 Nf6 7. Qe2 Be7 8. Nf3 0-0 9. Nc3 a6 10. 0-0-0 d5 11. Ne5 Qc7 12. exd5 exd5 13. d4 Nc6 14. dxc5 d4 15. Na4 Nd5 16. Nxc6 Qxf4+ 17. Kb1 bxc6 18. Rxd4 Qc7 19. Rg4 Bf6 20. c4 Bxb2 21. cxd5 Bf6 22. d6 Qd7 23. Rf1 Rae8 24. Re4 Rxe4 25. Qxe4 Re8 26. Nb6 Rxe4 27. Nxd7 Bd4 28. Rd1 f5 29. Nb8 Kf7 30. d7 1-0

[Event "Arad op 15th"]
[Site "Arad"]
[Date "2022.08.09"]
[Round "2"]
[White "Ghita, Vlad Bogdan"]
[Black "Ionescu, Irina"]
[Result "0-1"]
[WhiteElo "1944"]
[BlackElo "2125"]
[PlyCount "60"]
[EventDate "2022.08.08"]
[EventType "swiss"]
[EventRounds "9"]
[EventCountry "ROU"]
[SourceTitle "CBM 209 Extra"]
[Source "ChessBase"]
[SourceDate "2022.09.30"]
[SourceVersion "1"]
[SourceVersionDate "2022.09.30"]
[SourceQuality "1"]

1. e4 d5 2. exd5 Qxd5 3. Nf3 Bg4 4. Be2 Nc6 5. d4 e6 6. 0-0 0-0-0 7. c4 Qd7 8. Be3 Bxf3 9. Bxf3 Nxd4 10. Nc3 Nf6 11. Bxd4 Qxd4 12. Qb3 Qb6 13. Qc2 c6 14. a3 g5 15. g3 g4 16. Bg2 Bh6 17. b4 Rd2 18. Qc1 Qd4 19. b5 c5 20. b6 a6 21. Na4 Rxf2 22. Qxh6 Rxf1+ 23. Kxf1 Qxa1+ 24. Kf2 Rd8 25. Qf4 Qd4+ 26. Qxd4 Rxd4 27. Nxc5 Rxc4 28. Nxb7 Rc2+ 29. Kf1 Rxg2 30. Nd6+ Kd7 0-1

[Event "Arad op 15th"]
[Site "Arad"]
[Date "2022.08.09"]
[Round "3"]
[White "Ionescu, Irina"]
[Black "Manolache, Marius"]
[Result "0-1"]
[WhiteElo "2125"]
[BlackElo "2478"]
[PlyCount "124"]
[EventDate "2022.08.08"]
[EventType "swiss"]
[EventRounds "9"]
[EventCountry "ROU"]
[SourceTitle "CBM 209 Extra"]
[Source "ChessBase"]
[SourceDate "2022.09.30"]
[SourceVersion "1"]
[SourceVersionDate "2022.09.30"]
[SourceQuality "1"]

1. e4 d6 2. d4 Nf6 3. Nc3 g6 4. Nf3 Bg7 5. Be2 0-0 6. 0-0 a6 7. a4 b6 8. Re1 Bb7 9. e5 dxe5 10. dxe5 Ne4 11. Nxe4 Bxe4 12. Bg5 Nc6 13. c3 h6 14. Bf4 g5 15. Bg3 Ra7 16. h4 g4 17. Nd4 Nxd4 18. Qxd4 Qxd4 19. cxd4 Bf5 20. Rac1 Rd8 21. Red1 e6 22. h5 Bf8 23. Bf4 Rd7 24. Rc3 Ra8 25. Bxg4 Bxg4 26. Rg3 c5 27. Rxg4+ Kh7 28. Be3 Rad8 29. Kf1 Bg7 30. Re4 Rd5 31. f4 c4 32. Rc1 b5 33. axb5 axb5 34. g4 Ra8 35. Bf2 Ra2 36. Re2 Bf8 37. b3 cxb3 38. Rb1 b4 39. Rxb3 Ra3 40. Reb2 Rd8 41. Ke2 Be7 42. f5 Rc8 43. fxe6 fxe6 44. Rxa3 bxa3 45. Rb7 Re8 46. Bh4 a2 47. Ra7 a1Q 48. Rxa1 Bxh4 49. Ra6 Re7 50. Ke3 Kg7 51. Ke4 Kf7 52. d5 exd5+ 53. Kxd5 Bg5 54. Ke4 Rb7 55. Kf5 Rb4 56. Ra7+ Ke8 57. Ra8+ Kd7 58. Ra7+ Kc6 59. e6 Rf4+ 60. Ke5 Rf1 61. Ra6+ Kb7 62. Ra4 Re1+ 0-1

[Event "ROM-ch Rapid (Women)"]
[Site "Bucharest"]
[Date "2022.03.12"]
[Round "5"]
[White "Maria, Lia Alexandra"]
[Black "Ionescu, Irina"]
[Result "0-1"]
[WhiteElo "1832"]
[BlackElo "2131"]
[PlyCount "100"]
[EventDate "2022.03.11"]
[EventType "swiss (rapid)"]
[EventRounds "9"]
[EventCountry "ROU"]
[SourceTitle "CBM 207 Extra"]
[Source "ChessBase"]
[SourceDate "2022.05.31"]
[SourceVersion "1"]
[SourceVersionDate "2022.05.31"]
[SourceQuality "1"]

1. e4 d6 2. d4 Nf6 3. Nc3 g6 4. Nf3 Bg7 5. Be2 0-0 6. Be3 c6 7. 0-0 b5 8. a3 a6 9. h3 Nbd7 10. b4 Qc7 11. Qd2 Bb7 12. Rad1 Nb6 13. Bh6 c5 14. bxc5 dxc5 15. e5 Ne8 16. dxc5 Qxc5 17. Be3 Qc7 18. Qd4 Nc4 19. Bf4 Rc8 20. a4 Nb2 21. Rb1 Qxc3 22. Rxb2 Bxf3 23. Qxc3 Rxc3 24. gxf3 Nc7 25. axb5 axb5 26. Rd1 Rc8 27. Bxb5 Nxb5 28. Rxb5 Rxf3 29. Bg3 Rfc3 30. Rd7 Bf8 31. Rbb7 h6 32. Bh4 g5 33. Bg3 Rxc2 34. h4 Kg7 35. Kg2 Kg6 36. Kh3 R2c3 37. hxg5 hxg5 38. Rb6+ R8c6 39. Rb8 Rc8 40. Rb6+ e6 41. Rbb7 Rf3 42. Kg4 Rf5 43. Rdc7 Rd8 44. Rd7 Rxd7 45. Rxd7 Bg7 46. f4 gxf4 47. Bxf4 Bxe5 48. Be3 Rf1 49. Rd8 f5+ 50. Kh3 Rf3+ 0-1

[Event "ROM-ch (Women)"]
[Site "Eforie Nord"]
[Date "2022.02.26"]
[Round "8"]
[White "Sandu, Mihaela"]
[Black "Ionescu, Irina"]
[Result "1/2-1/2"]
[WhiteElo "2269"]
[BlackElo "2131"]
[PlyCount "101"]
[EventDate "2022.02.20"]
[EventType "swiss"]
[EventRounds "9"]
[EventCountry "ROU"]
[SourceTitle "CBM 207 Extra"]
[Source "ChessBase"]
[SourceDate "2022.05.31"]
[SourceVersion "1"]
[SourceVersionDate "2022.05.31"]
[SourceQuality "1"]

1. e4 e5 2. Nf3 Nf6 3. Nxe5 d6 4. Nf3 Nxe4 5. d4 d5 6. Bd3 Bd6 7. c4 Bb4+ 8. Nbd2 Nxd2 9. Bxd2 Bxd2+ 10. Qxd2 0-0 11. 0-0 dxc4 12. Bxc4 Bf5 13. Rfe1 Nd7 14. Qf4 Bg6 15. Bb3 Nf6 16. h3 c6 17. Re3 Nd5 18. Bxd5 Qxd5 19. Re5 Qd6 20. Qe3 f6 21. Re7 Rae8 22. Rxe8 Bxe8 23. Qb3+ Qd5 24. Qxb7 Bh5 25. Nh2 Qxd4 26. Nf1 Qb6 27. Qxb6 axb6 28. a4 Ra8 29. b4 Kf8 30. a5 bxa5 31. bxa5 Be2 32. Nd2 Bb5 33. f4 Ke7 34. Kf2 Kd6 35. Ne4+ Kd5 36. Ke3 c5 37. Rd1+ Kc6 38. Rd6+ Kc7 39. Rd5 Rxa5 40. Rxc5+ Kb6 41. Rc3 Bc6 42. Nd2 Ra1 43. g3 Rh1 44. h4 Rg1 45. Kd4 Rd1 46. Ke3 Rg1 47. Nc4+ Kc7 48. Kd4 Rd1+ 49. Ke3 Rg1 50. Kd4 Rd1+ 51. Ke3 1/2-1/2

[Event "ROM-ch (Women)"]
[Site "Eforie Nord"]
[Date "2022.02.24"]
[Round "6"]
[White "Matasaru, Stephanie"]
[Black "Ionescu, Irina"]
[Result "0-1"]
[WhiteElo "1861"]
[BlackElo "2131"]
[PlyCount "46"]
[EventDate "2022.02.20"]
[EventType "swiss"]
[EventRounds "9"]
[EventCountry "ROU"]
[SourceTitle "CBM 207 Extra"]
[Source "ChessBase"]
[SourceDate "2022.05.31"]
[SourceVersion "1"]
[SourceVersionDate "2022.05.31"]
[SourceQuality "1"]

1. e4 d5 2. exd5 Qxd5 3. Nf3 Bg4 4. Be2 Nc6 5. h3 Bh5 6. d4 0-0-0 7. c4 Qd7 8. d5 Bxf3 9. Bxf3 Ne5 10. Be2 e6 11. Nc3 Nf6 12. Bf4 Ng6 13. Bg5 Be7 14. Nb5 a6 15. Na7+ Kb8 16. Nc6+ bxc6 17. Qb3+ Ka8 18. Qa4 cxd5 19. Qxa6+ Kb8 20. Rd1 Qd6 21. Qxd6 Bxd6 22. cxd5 Bb4+ 23. Kf1 Rxd5 0-1

[Event "ROM-chT (Women)"]
[Site "Mamaia"]
[Date "2021.10.09"]
[Round "9.2"]
[White "Ionescu, Irina"]
[Black "Anghel, Maria"]
[Result "1-0"]
[WhiteElo "2139"]
[BlackElo "1814"]
[PlyCount "111"]
[EventDate "2021.10.02"]
[EventType "team-tourn"]
[EventRounds "10"]
[EventCountry "ROU"]
[SourceTitle "CBM 204 Extra"]
[Source "ChessBase"]
[SourceDate "2021.11.30"]
[SourceVersion "1"]
[SourceVersionDate "2021.11.30"]
[SourceQuality "1"]
[WhiteTeam "Bucharest ASE (W)"]
[BlackTeam "Bucharest Dinamo (W)"]
[WhiteTeamCountry "ROU"]
[BlackTeamCountry "ROU"]

1. e4 c5 2. Nf3 d6 3. Bb5+ Nd7 4. 0-0 Ngf6 5. Re1 g6 6. c3 Bg7 7. d4 a6 8. Bf1 e5 9. dxe5 Nxe5 10. Nxe5 dxe5 11. Qxd8+ Kxd8 12. a4 Be6 13. a5 Ke7 14. f3 Nd7 15. Be3 f5 16. Nd2 Rac8 17. exf5 gxf5 18. Nc4 Bf6 19. Bf2 Rhg8 20. Rad1 Rg6 21. Ne3 b5 22. axb6 Nxb6 23. Bxa6 Rcg8 24. Bf1 f4 25. Nf5+ Bxf5 26. Bxc5+ Kf7 27. Bxb6 Rb8 28. Bf2 Rxb2 29. c4 Bh3 30. Rb1 Rc2 31. Rec1 Rd2 32. Rb7+ Ke6 33. Rxh7 Bf5 34. c5 Rxg2+ 35. Bxg2 Bxh7 36. Bh3+ Bf5 37. Bxf5+ Kxf5 38. c6 Rd8 39. c7 Rc8 40. Kf1 e4 41. Rc5+ Ke6 42. fxe4 Be5 43. Be1 Rxc7 44. Rxc7 Bxc7 45. Kf2 Kf6 46. Kf3 Kg5 47. Bb4 Be5 48. Be7+ Kh5 49. h4 Bc7 50. Bg5 Bd6 51. Bxf4 Be7 52. Bg3 Bf6 53. Kf4 Kg6 54. Kg4 Be7 55. h5+ Kh6 56. Bf4+ 1-0

[Event "ROM-chT (Women)"]
[Site "Mamaia"]
[Date "2021.10.04"]
[Round "3.2"]
[White "Ionescu, Irina"]
[Black "Aciu, Malina Andreea"]
[Result "1-0"]
[WhiteElo "2139"]
[BlackElo "2010"]
[PlyCount "135"]
[EventDate "2021.10.02"]
[EventType "team-tourn"]
[EventRounds "10"]
[EventCountry "ROU"]
[SourceTitle "CBM 204 Extra"]
[Source "ChessBase"]
[SourceDate "2021.11.30"]
[SourceVersion "1"]
[SourceVersionDate "2021.11.30"]
[SourceQuality "1"]
[WhiteTeam "Bucharest ASE (W)"]
[BlackTeam "Timisoara Medicina (W)"]
[WhiteTeamCountry "ROU"]
[BlackTeamCountry "ROU"]

1. e4 c5 2. b3 Nc6 3. Bb2 d6 4. Bb5 e5 5. Bxc6+ bxc6 6. c3 Nf6 7. d3 g6 8. Nf3 Bg7 9. 0-0 0-0 10. Re1 Re8 11. Nbd2 Ba6 12. d4 cxd4 13. cxd4 exd4 14. Nxd4 Rc8 15. Rc1 Qb6 16. Ba1 d5 17. e5 Nh5 18. Nf5 Re6 19. Nxg7 Nxg7 20. Nf3 Bb7 21. Ng5 Re7 22. Qf3 Ne6 23. Qf6 Rce8 24. h4 Qb4 25. Nxe6 Rxe6 26. Qg5 Ba6 27. Qe3 Qxh4 28. Qxa7 Bd3 29. Qe3 Bf5 30. f3 h5 31. Qf2 Qb4 32. Bc3 Qa3 33. Bd4 Ra8 34. Qe3 Qe7 35. a4 Qb4 36. Bc5 Qh4 37. Qf2 Qxf2+ 38. Kxf2 Ree8 39. Bd6 Bd7 40. Rc5 Kg7 41. a5 g5 42. b4 Kg6 43. Rc3 Kf5 44. Ra3 Ra6 45. Ke3 Rg8 46. Rh1 h4 47. Kd4 Re8 48. Raa1 Re6 49. Raf1 Rh6 50. g3 Kg6 51. gxh4 Rxh4+ 52. Rxh4 gxh4 53. Rg1+ Kh5 54. Rg7 Be6 55. Rh7+ Kg5 56. Be7+ Kf4 57. Rxh4+ Kxf3 58. Kc5 Bf5 59. Bd8 Bd3 60. Bb6 Bb5 61. Rh7 Ke4 62. Bc7 Ra8 63. Rxf7 Re8 64. Rd7 Ba4 65. a6 Ra8 66. e6 Rxa6 67. e7 Ra8 68. Rd8 1-0

[Event "ROM-chT (Women)"]
[Site "Mamaia"]
[Date "2021.10.03"]
[Round "2.3"]
[White "Hejja, Irisz Hanna"]
[Black "Ionescu, Irina"]
[Result "0-1"]
[WhiteElo "1534"]
[BlackElo "2139"]
[PlyCount "56"]
[EventDate "2021.10.02"]
[EventType "team-tourn"]
[EventRounds "10"]
[EventCountry "ROU"]
[SourceTitle "CBM 204 Extra"]
[Source "ChessBase"]
[SourceDate "2021.11.30"]
[SourceVersion "1"]
[SourceVersionDate "2021.11.30"]
[SourceQuality "1"]
[WhiteTeam "Sighetu Marmatiei (W)"]
[BlackTeam "Bucharest ASE (W)"]
[WhiteTeamCountry "ROU"]
[BlackTeamCountry "ROU"]

1. d4 Nf6 2. Bf4 b6 3. Nf3 Bb7 4. e3 g6 5. Bd3 Bg7 6. c3 d6 7. Qe2 0-0 8. Nbd2 c5 9. 0-0 Nc6 10. e4 cxd4 11. cxd4 Nb4 12. a3 Nxd3 13. Qxd3 Re8 14. Rfe1 Nh5 15. Be3 e5 16. d5 Nf4 17. Qb3 Qd7 18. Rac1 Rac8 19. Rxc8 Rxc8 20. Bxf4 exf4 21. Rd1 Ba6 22. Re1 Rc5 23. Rb1 Qc8 24. Ne1 Rc1 25. Rxc1 Qxc1 26. Ndf3 Qxb2 27. Qa4 Qb5 28. Qxb5 Bxb5 0-1

[Event "Romania blitz online op final"]
[Site "Chess.com INT"]
[Date "2020.05.06"]
[Round "4"]
[White "Ionescu, Irina"]
[Black "Codreanu, Alex Cosmin"]
[Result "1-0"]
[WhiteElo "2202"]
[BlackElo "1925"]
[PlyCount "35"]
[EventDate "2020.05.06"]
[EventType "swiss (blitz)"]
[EventRounds "9"]
[EventCountry "ROU"]
[SourceTitle "CBM 196 Extra"]
[Source "ChessBase"]
[SourceDate "2020.07.31"]
[SourceVersion "1"]
[SourceVersionDate "2020.07.31"]
[SourceQuality "1"]

1. e4 c5 2. Nf3 e6 3. d3 d5 4. Nbd2 Nc6 5. g3 Nf6 6. Bg2 b6 7. 0-0 Be7 8. Re1 Bb7 9. c3 Qc7 10. Qe2 0-0-0 11. a3 d4 12. Nc4 e5 13. Bh3+ Kb8 14. Ncxe5 Nxe5 15. Nxe5 Bd6 16. Nc4 Ka8 17. Nxd6 Qc6 18. Nxf7 1-0